Introducción a la topología general

I tiakina i:
Ngā taipitopito rārangi puna kōrero
Kaituhi matua: Horváth, John (Author)
Hōputu: Pukapuka
Reo:Pāniora
I whakaputaina: Washington, D.C Unión Panamericana 1969
Rangatū:Serie de Matemática, 9
Ngā marau:
Ngā Tūtohu: Tāpirihia he Tūtohu
Kāore He Tūtohu, Me noho koe te mea tuatahi ki te tūtohu i tēnei pūkete!

MARC

LEADER 00000nam a2200000 a 4500
001 UCH1350
003 CL-VaPUC
005 20210624001443.0
008 090427e19690000US |||||||||||||||||spa|d
999 |c 333401  |d 333399 
040 |c Pontificia Universidad Católica de Valparaíso 
082 0 4 |a 515.73 HOR 1969  |2 21 
100 |a Horváth, John  |e author  |9 535802 
245 1 0 |a Introducción a la topología general 
260 |a Washington, D.C  |b Unión Panamericana  |c 1969 
300 |a 147 páginas 
490 0 |a Serie de Matemática, 9 
583 |a last modification  |c 20090427 00:00:00  |k Rodrigo Vera 
650 0 |a Topología   |9 260092 
650 7 |a ESPACIOS EUCLIDIANOS  |2 CL-VaPUC  |9 535410 
650 0 |a Espacios métricos   |9 269874 
650 0 |a Espacios topológicos   |9 360015 
942 |c BK  |2 ddc 
945 |d 20090427 00:00:00  |a rbrito 
952 |0 0  |1 0  |2 ddc  |4 0  |6 515_730000000000000_HOR_1969  |7 0  |8 A  |9 421760  |a BIBCUR  |b BIBCUR  |d 2019-11-22  |i 453509K  |o 515.73 HOR 1969  |p 453509K  |r 2025-04-22  |t 1  |w 2019-11-22  |y BK  |k FIS 
952 |0 0  |1 0  |2 ddc  |4 0  |6 515_730000000000000_HOR_1969  |7 0  |8 A  |9 562166  |a BIBMAT  |b BIBMAT  |d 2020-03-27  |i 5618185  |o 515.73 HOR 1969  |p 5618185  |r 2025-01-07  |t 2  |w 2020-03-27  |y BK  |k MAT